000 00363 a2200157 4500
001 171047
020 _a85-10-02890-7
040 _cMagnum
100 _aQueirós, Bartolomeu Campos de
240 1 0 _aBichos são todos... bichos
_lpor
245 1 0 _aBichos são todos... bichos
300 _a40
362 0 _a2005
697 _aLITERATURA INFANTO
942 _cBK
999 _c171047
_d171047